Modern electronic communication

Gespeichert in:
Bibliographische Detailangaben
1. Verfasser: Miller, Gary M. (autor)
Format: Buch
Sprache:Englisch
Veröffentlicht: Englewood Cliffs Prentice-Hall 1978
Schlagworte:
Tags: Tag hinzufügen
Keine Tags, Fügen Sie den ersten Tag hinzu!

MARC

LEADER 00000nam a2200000 a 4500
001 UCU5703
003 CL-VaPUC
008 960604e19780000us |||||||||||||||||eng|d
082 0 4 |a 621.384  |b MIL  |2 21 
100 |a Miller, Gary M.  |e autor  |9 363661 
245 1 0 |a Modern electronic communication 
300 |a 510 p 
942 |c BK 
945 |d 19960604 00:00:00  |a paguirre 
260 |a Englewood Cliffs  |b Prentice-Hall  |c 1978 
650 0 |a Telecomunicaciones   |9 257195 
650 7 |a RUIDO  |2 CL-VaPUC  |9 263306 
650 0 |a Ambiente acústico   |9 362332 
650 0 |a Ondas sonoras  |9 322250 
650 7 |a MODULACION  |2 CL-VaPUC  |9 363662 
650 0 |a Electrónica   |9 263192 
650 0 |a Televisión  |9 256845 
650 7 |a COMUNICACIONES POR MICROONDAS  |2 CL-VaPUC  |9 363594 
650 0 |a Antenas  |9 263309 
650 7 |a LASER  |2 CL-VaPUC  |9 360528 
650 0 |a Fibras ópticas   |9 263145 
583 |a last modification  |c 20150428 10:09:20  |k Rodrigo Vera 
999 |c 248907  |d 248905 
952 |0 0  |1 0  |4 0  |6 621_384000000000000_MIL_1978  |7 0  |8 A  |9 265845  |a BIBING  |b BIBING  |d 2019-11-19  |i 1680501  |o 621.384 MIL 1978  |p 1680501  |r 2025-01-20  |w 2019-11-19  |y BK  |k EIE 
952 |0 0  |1 0  |4 0  |6 621_384000000000000_MIL_1978  |7 0  |8 A  |9 265846  |a BIBING  |b BIBING  |d 2019-11-19  |i 1680862  |o 621.384 MIL 1978  |p 1680862  |r 2025-01-20  |w 2019-11-19  |y BK  |k EIE